000 00734cam a22002653a 4500
001 2425
003 PGUSA
005 20140828083014.0
008 001201s2000||||xxu|||||s|||||000 i eng d
040 _aPGUSA
_beng
042 _adc
050 4 _aPS
100 1 _aJames, Henry,
_d1843-1916
245 1 2 _aA Bundle of Letters
_h[electronic resource] /
_cHenry James
260 _bProject Gutenberg,
_c2000
506 _aPublic domain in the USA.
516 _aElectronic text
653 _aEpistolary fiction
653 _aBoardinghouses -- Fiction
653 _aImaginary letters
653 _aParis (France) -- Fiction
830 0 _aProject Gutenberg
_v2425
856 4 0 _uhttp://www.gutenberg.org/ebooks/2425
942 _cEB
999 _c231762
_d231762